Raja Hindustani (Record no. 19907)
[ view plain ]
| 000 -LEADER | |
|---|---|
| fixed length control field | 01749ngm a2200385 4500 |
| 003 - CONTROL NUMBER IDENTIFIER | |
| control field | dpl |
| 005 - DATE AND TIME OF LATEST TRANSACTION | |
| control field | 20081216120548.0 |
| 007 - PHYSICAL DESCRIPTION FIXED FIELD--GENERAL INFORMATION | |
| fixed length control field | DVD |
| 008 - FIXED-LENGTH DATA ELEMENTS--GENERAL INFORMATION | |
| fixed length control field | ||||||sp199 xxu|||||c ||| 00| 0 ng d |
| 010 ## - LIBRARY OF CONGRESS CONTROL NUMBER | |
| LC control number | DVD-001521-1523 |
| 024 ## - OTHER STANDARD IDENTIFIER | |
| Standard number or code | DHIF0581S |
| Terms of availability | 39.00 |
| 035 ## - SYSTEM CONTROL NUMBER | |
| System control number | DVD-001521-1523 |
| 040 ## - CATALOGING SOURCE | |
| Original cataloging agency | DPL |
| Transcribing agency | DPL |
| 082 ## - DEWEY DECIMAL CLASSIFICATION NUMBER | |
| Classification number | DVD / RAJA |
| 245 ## - TITLE STATEMENT | |
| Title | Raja Hindustani |
| Statement of responsibility, etc | Tips Films Pvt. Ltd. Presents |
| Medium | [videorecording] DVD/ |
| 246 ## - VARYING FORM OF TITLE | |
| Title proper/short title | . |
| 260 ## - PUBLICATION, DISTRIBUTION, ETC. (IMPRINT) | |
| Name of publisher, distributor, etc | Moserbaer Entertainment |
| 300 ## - PHYSICAL DESCRIPTION | |
| Extent | 1 videodisc DVD; |
| Other physical details | sd., col. ; |
| Dimensions | 4 3/4 in. |
| Type of unit | DVD |
| 440 ## - SERIES STATEMENT/ADDED ENTRY--TITLE | |
| Title | Moserbaer Home Entertainment |
| 500 ## - GENERAL NOTE | |
| General note | Moserbaer India Ltd. has obtained the necessary licence/conssent from the owner of the copyright in the wroks for making this DVD Film. |
| 538 ## - SYSTEM DETAILS NOTE | |
| System details note | Dolby Digital 5.1 - Hindi Subtitles: English |
| 538 ## - SYSTEM DETAILS NOTE | |
| System details note | This DVD can be played back on DVD Players, multimedia systems & PC with MPEG card interactive with version 2.0 players. |
| 650 ## - SUBJECT ADDED ENTRY--TOPICAL TERM | |
| Topical term or geographic name as entry element | Motion Picture |
| 700 ## - ADDED ENTRY--PERSONAL NAME | |
| Personal name | Morani, Karim |
| 700 ## - ADDED ENTRY--PERSONAL NAME | |
| Personal name | Morani, Aly |
| 700 ## - ADDED ENTRY--PERSONAL NAME | |
| Personal name | Soorma, Bunty |
| 700 ## - ADDED ENTRY--PERSONAL NAME | |
| Personal name | Aamir Khan |
| 700 ## - ADDED ENTRY--PERSONAL NAME | |
| Personal name | Kapoor, Karishma |
| 700 ## - ADDED ENTRY--PERSONAL NAME | |
| Personal name | Lever, Johnny |
| 942 ## - ADDED ENTRY ELEMENTS (KOHA) | |
| Koha item type | CD-ROMs, DVDs, VHS |
| Source of classification or shelving scheme | Dewey Decimal Classification |
| Classification part | DVD |
| Call number suffix | RAJA |
| Withdrawn status | Lost status | Source of classification or shelving scheme | Damaged status | Not for loan | Home library | Current library | Date acquired | Source of acquisition | Cost, normal purchase price | Total Checkouts | Full call number | Barcode | Date last seen | Date checked out | Copy number | Cost, replacement price | Price effective from | Koha item type |
|---|---|---|---|---|---|---|---|---|---|---|---|---|---|---|---|---|---|---|
| Dewey Decimal Classification | Central Library | Central Library | 16/12/2008 | Purchase | 39.00 | 9 | DVD RAJA | DVD-001521 | 17/11/2012 | 11/10/2012 | 1 | 39.00 | 16/12/2008 | CD-ROMs, DVDs, VHS | ||||
| Dewey Decimal Classification | Patel Nagar | Patel Nagar | 16/12/2008 | Purchase | 39.00 | 8 | DVD RAJA | DVD-001523 | 31/10/2017 | 10/10/2017 | 1 | 39.00 | 16/12/2008 | CD-ROMs, DVDs, VHS | ||||
| Dewey Decimal Classification | Sarojini Nagar | Sarojini Nagar | 16/12/2008 | Purchase | 39.00 | 9 | DVD RAJA | DVD-001522 | 12/04/2012 | 11/04/2012 | 1 | 39.00 | 16/12/2008 | CD-ROMs, DVDs, VHS |
